Politics in india (Record no. 10076)

MARC details
000 -LEADER
fixed length control field 00510cam a2200205ua 4500
001 - CONTROL NUMBER
control field 11224
005 - DATE AND TIME OF LATEST TRANSACTION
control field 20260515114725.0
008 - FIXED-LENGTH DATA ELEMENTS--GENERAL INFORMATION
fixed length control field 190904n ii |||gr||||Z||||||eng
020 ## - INTERNATIONAL STANDARD BOOK NUMBER
International Standard Book Number 9780195648737
040 ## - CATALOGING SOURCE
Transcribing agency MAIN
041 ## - LANGUAGE CODE
Language code of text/sound track or separate title eng
082 ## - DEWEY DECIMAL CLASSIFICATION NUMBER
Classification number 320.954
100 ## - MAIN ENTRY--PERSONAL NAME
Personal name Sudipta Kaviraj,
Relator term Editor.
245 ## - TITLE STATEMENT
Title Politics in india
Statement of responsibility, etc. Ed by Sudipta Kaviraj
250 ## - EDITION STATEMENT
Edition statement 1st ed pap.
260 ## - PUBLICATION, DISTRIBUTION, ETC.
Place of publication, distribution, etc. New Delhi:
Name of publisher, distributor, etc. Oxford university press,
Date of publication, distribution, etc. 1999.
300 ## - PHYSICAL DESCRIPTION
Extent 404p.
653 ## - INDEX TERM--UNCONTROLLED
Uncontrolled term Political science
942 ## - ADDED ENTRY ELEMENTS (KOHA)
Koha item type Books
Holdings
Withdrawn status Lost status Damaged status Not for loan Home library Current library Shelving location Date acquired Total checkouts Full call number Barcode Date last seen Copy number Price effective from Koha item type
        Naharkatiya College Library Naharkatiya College Library General stacks 09/19/2020   320.954Politics in india | POL 27255 09/19/2020 1 09/19/2020 Books
        Naharkatiya College Library Naharkatiya College Library General stacks 09/19/2020   320.954Politics in india | POL 27256 09/19/2020 2 09/19/2020 Books